000 00756cam a22002653a 4500
001 20808
003 PGUSA
005 20140828083437.0
008 070313s2007||||xxu|||||s|||||000 1 eng d
040 _aPGUSA
_beng
042 _adc
050 4 _aPZ
100 1 _aPansy,
_d1841-1930
245 1 0 _aThree People
_h[electronic resource] /
_cPansy
260 _bProject Gutenberg,
_c2007
506 _aPublic domain in the USA.
516 _aElectronic text
653 _aChristian life -- Juvenile fiction
653 _aClergy -- Juvenile fiction
653 _aTemperance -- Juvenile fiction
653 _aSocial classes -- Juvenile fiction
830 0 _aProject Gutenberg
_v20808
856 4 0 _uhttp://www.gutenberg.org/ebooks/20808
942 _cEB
999 _c250063
_d250063